000 00474nam a22001817a 4500
003 BD-ChCU
005 20260101103715.0
008 260101b bg ||||| |||| 00| 0 ben d
040 _cBD-ChCU
082 _a362.82 STL (2)
100 _aStubbs , Marcia.
_918511
245 _aThe little brown reader ./
_cMarcia , Stubbs .
250 _a2nd ed.
260 _aBoston :
_bLittle
_cC 1980
300 _axxix , 600p
650 0 _aFamily life .
_918513
942 _2ddc
_cBK
_n0
999 _c110649
_d110649